000 01521cam a22003737a 4500
003 CHAP
005 20220329142548.0
008 010926d2000 us r 00110 spa d
010 _a84939
011 _a85911
035 _a96449
040 _cCHAP
082 0 4 _a634.90913
_bI5
110 2 _aInternational Institute of Tropical Forestry
_959733
245 1 0 _aAnnual letter
_c/by International Institute of Tropical Forestry
260 _aPuerto Rico :
_bInternational Institute of Tropical Forestry,
_c2000
300 _av. ;
_bgráfs.
500 _aLa biblioteca tiene : 1998-99, 2000-2001, 2001-2002, 2002-2003, 2003-2004,
590 _aBATCH-UPD
_b10
_c20130110
_lUCH01
_h1653
590 _aBATCH-UPD
_b10
_c20130410
_lUCH01
_h1042
590 _aBATCH-UPD
_b10
_c20130914
_lUCH01
_h0722
590 _aCONVERSION
_b10
_c20130109
_lUCH01
_h1347
650 1 4 _aBosques
_xTrópicos.
_914401
650 1 4 _aEcología forestal.
_935176
650 1 4 _aSilvicultura
_xPuerto Rico.
_9106125
650 1 4 _aSilvicultura
_xTrópicos.
_9106129
901 _aBK
942 _cLIBRO
949 _a634.90913 I5
_bBC
_cLIBRO
_d33724000856886
_eLIBRO
_f1998-99
_h101984
_i96449
_sb
949 _a634.90913 I5
_bBC
_cLIBRO
_d33724000979324
_eLIBRO
_f2000-2001
_h107671
_i96449
_sb
949 _a634.90913 I5
_bBC
_cLIBRO
_d33724002036694
_eLIBRO
_f2001-2002
_h108877
_i96449
_sb
949 _a634.90913 I5
_bBC
_cLIBRO
_d33724002105470
_eLIBRO
_f2002-2003
_h112637
_i96449
_sb
949 _a634.90913 I5
_bBC
_cLIBRO
_d33724002138892
_eLIBRO
_f2003-2004
_h113373
_i96449
_sb
999 _c84939
_d84939